| 000 | 01388cam a22003131a 4500 | ||
|---|---|---|---|
| 003 | OSt | ||
| 005 | 20260106122000.0 | ||
| 008 | 260105q19001999xx a g 000 pdara c | ||
| 040 |
_aSA-JeALM _bara _cSA-RiAUC _erda |
||
| 050 | 4 | _bM84 1900z | |
| 082 | 0 | 4 |
_a811.062 _qSA-RiAUC |
| 090 |
_a811.062 _bع ك ر |
||
| 100 | 1 |
_aعكرمة، مصطفى، _d1943- _eمؤلف. |
|
| 245 | 1 | 0 |
_aمحمديات / _bقطرات شوق _cتأليف مصطفى عكرمة ؛ مقدم محمد كريم لاحج، محمد نعيم عرقسوسي. |
| 250 | _aالطبعة الاولى. | ||
| 264 | 1 |
_aدمشق : _bمصطفى عكرمة، _c2000 |
|
| 300 |
_a134 صفحة : _c24 سم |
||
| 336 |
_aنص _btxt _2rdacontent _3كتاب |
||
| 337 |
_aبدون وسيط _bn _2rdamedia |
||
| 500 | _aاهداء من المؤلف مصطفى عكرمة الى الشيخ رحمه الله بتاريخ 20 / 3 / 1424 هـ | ||
| 600 | 0 | 7 |
_aمحمد (صلى الله عليه وسلم)، _d53 قبل الهجرة-11 هجري _vشعر _2aucnm |
| 650 | 7 |
_aالسيرة النبوية _vشعر _2aucsh |
|
| 650 | 7 |
_aالشعر العربي الديني _zسوريا _yقرن 20 _2aucsh |
|
| 653 | _aالآداب. | ||
| 700 | 1 |
_aلاحج، محمد كريم _eمقدم. |
|
| 700 | 1 |
_aعرقسوسي، محمد نعيم، _d1951- _eمقدم. |
|
| 942 |
_2ddc _cBOOK _n0 |
||
| 949 |
_aSA-JeALM _d260105 _uosman123 _n1 |
||
| 999 |
_c13909 _d13909 |
||